| 000 | 00716nam a2200205 a 4500 | ||
|---|---|---|---|
| 005 | 20170602152038.0 | ||
| 008 | 140227b1983 ck ||||| |||| 00| 0 spa d | ||
| 040 |
_aCO-BoIAVH _cCO-BoIAVH |
||
| 041 | _aspa | ||
| 044 | _ack | ||
| 090 |
_aLB _b01483 |
||
| 245 | 1 | 0 |
_aPlan Nacional de prevención y contingencia para el manejo de los efectos del evento del Pacífico: _bGuía para la preparación de planes territoriales |
| 260 |
_aBogotá _bSistema Nacional para la Prevención y la Atención de Desastres _c1998 |
||
| 300 | _a47 páginas | ||
| 650 | 1 | 4 | _aFenómeno de El Niño |
| 650 | 1 | 4 | _aGuía metodológica |
| 650 | 1 | 4 | _aOrdenamiento territorial |
| 662 | _aColombia | ||
| 942 |
_cINFORME _2z |
||
| 999 |
_c1491 _d1491 |
||